000 00512nam a2200181Ia 4500
001 2635
005 20260306144821.0
008 260306t2018||||xx |||||||||||||| ||spa||
041 _aESP
082 _a618.928
_bA77
100 _aArrebillaga, María Elisa
_eAUT
245 0 _aNeuropsicología clínica infantil:
_bintervenciones terapéuticas en TGD, autismo, Asperger, síndrome de Rett
260 _c2018
300 _a159 páginas :
_c24 cm.
650 _aGEN
654 _aCPS
942 _cLIB
_dJUS
_fJUS
_2ddc
_n
999 _c2635
_d2635